| 000 | 00596nam a22001937a 4500 | ||
|---|---|---|---|
| 999 |
_c17118 _d17118 |
||
| 003 | AR-CdUCM | ||
| 008 | 190507b ||||| |||| 00| 0 spa d | ||
| 040 |
_aMUNICIPALIDAD PROVINCIAL DEL CUSCO _cBIBLIOTECA MUNICIPAL DEL CUSCO |
||
| 082 |
_a410.28 / _bD48 |
||
| 100 |
_aDelavenay, Émile _936971 |
||
| 245 | _aLa maquina de traducir / | ||
| 260 |
_aBuenos Aires : _bEditorial universitaria de Buenos Aires, _c1961. |
||
| 300 |
_a64 paginas ; _c25 cm. |
||
| 650 |
_aLiteratura _983 |
||
| 650 |
_aMaquina _936972 |
||
| 650 |
_aTraducir _936973 |
||
| 942 |
_2ddc _cLIBROS |
||
| 945 |
_apjha _d2019-05-07 |
||